Englisch Vokabeln 3# - Statistiken

Allgemein
  • Dieses Quiz wurde 200 mal gespielt
  • Das Durchschnittsergebnis liegt bei 9 aus 25
Antwortstatistiken
Deutsch Englisch % Korrekt
tief deep
90%
die Küste coast
83%
die Legende, die Sage legend
82%
jagen hunt
61%
tragen; bei sich haben; befördern carry
55%
die Nixe, die Meerjungfrau mermaid
48%
das U-Boot submarine
47%
unglücklicherweise, leider unfortunately
39%
falsch, gefälscht fake
38%
Sonar-, das Sonargerät sonar
36%
der Aal eel
34%
das Kajak kayak
31%
der Zentimeter centimetre
28%
das Geheimnis, das Rätsel mystery
23%
erscheinen; (zu sein/ zu tun) scheinen seem
23%
das Geschöpf, das (Lebe-)Wesen creature
22%
groß large
22%
einschließen include
18%
daher, deshalb therefore
18%
liebevoll loving
15%
es heißt (im Text), dass it says that
12%
allerdings, jedoch however
10%
der Wels catfish
9%
mehrere, einige several
7%
auf jeden Fall; ganz bestimmt definitely
4%
Keine übereinstimmenden Quizze gefunden
Verteilung der Resultate
Anzahl Personen mit jedem Resultat
Perzentil nach korrekt beantworteten Fragen
Ihre Resultats-Entwicklung
Sie haben dieses Quiz noch nicht gespielt